| 000 | 00444nam a2200145Ia 4500 | ||
|---|---|---|---|
| 008 | 210716s1985 xx 000 0 und d | ||
| 020 | _a0394250596 | ||
| 041 | _aeng | ||
| 082 | _a174.915 KEIP | ||
| 100 | _aKeith- Spiegel, Patricia;Koocher, Gerald P. | ||
| 245 |
_aEthics in Psychology: professional standards and cases. _bProfessional standards and cases. |
||
| 260 |
_aNew York _bRandom House _c1985 |
||
| 300 | _axvii,494 | ||
| 650 | _aNone | ||
| 999 |
_c198468 _d198468 |
||